Mestský interiér a jeho prvky
Na minha lista:
| Autor principal: | |
|---|---|
| Formato: | Livro |
| Idioma: | eslovaco |
| Publicado em: |
Bratislava :
STU FA,
2009
|
| Assuntos: | |
| Tags: |
Sem tags, seja o primeiro a adicionar uma tag!
|
MARC
| LEADER | 00000nam a22000003a 4500 | ||
|---|---|---|---|
| 001 | stu198058 | ||
| 005 | 20241018094841.9 | ||
| 008 | 100114s2009----------------------------d | ||
| 020 | |a 978-80-227-3222-2 | ||
| 035 | |a biblio/277526 |2 CREPC2 | ||
| 040 | |a STU |b slo | ||
| 041 | 0 | |a slo | |
| 044 | |a xo | ||
| 100 | 1 | |a Vinárčiková, Jana, |d 1961- |4 aut |u A5150 |9 100 |U FAD Fakulta architektúry |T FA Ústav interiéru a výstavníctva |X 413 |U A5150 |Y 396 |7 A000000413 | |
| 245 | 1 | |a Mestský interiér a jeho prvky | |
| 260 | |a Bratislava : |b STU FA, |c 2009 | ||
| 300 | |a 152 s | ||
| 650 | 7 | |a interiér mestský |2 stusub | |
| 996 | |b 284AS03203 |c A*6880 S |l AAKNST |s P |a 0 |w stu198058_0001 | ||
| 996 | |b 284AS03227 |c A*6961 |l AA5150 |s P |a 0 |w stu198058_0002 | ||
| 996 | |b 284AS03217 |c A*6951 S |l AAKNAR |s A |a 24 |w stu198058_0003 | ||
| 996 | |b 284AS03205 |c A*6882 S |l AAKNAR |s A |a 24 |w stu198058_0004 | ||
| 996 | |b 284AS03204 |c A*6881 S |l AAKNAR |s A |a 24 |w stu198058_0005 | ||
| 996 | |b 284AS03218 |c A*6952 S |l AAKNAR |s A |a 24 |w stu198058_0006 | ||
| 996 | |b 284AS03219 |c A*6953 S |l AAKNAR |s A |a 24 |w stu198058_0007 | ||
| 996 | |b 284AS03220 |c A*6954 S |l AAKNAR |s A |a 24 |w stu198058_0008 | ||
| 996 | |b 284AS03221 |c A*6955 S |l AAKNAR |s A |a 24 |w stu198058_0009 | ||
| 996 | |b 284AS03222 |c A*6956 S |l AAKNAR |s A |a 24 |w stu198058_0010 | ||
| 996 | |b 284AS03223 |c A*6957 S |l AAKNAR |s A |a 24 |w stu198058_0011 | ||
| 996 | |b 284AS03224 |c A*6958 S |l AAKNAR |s A |a 24 |w stu198058_0012 | ||
| 996 | |b 284AS03225 |c A*6959 S |l AAKNAR |s A |a 24 |w stu198058_0013 | ||
| 996 | |b 284AS03226 |c A*6960 S |l AAKNAR |s A |a 24 |w stu198058_0014 | ||
| 996 | |b 284AS03472 |c A*8825 S |l AAKNAR |s A |a 24 |w stu198058_0015 | ||
| 996 | |b 284AS03914 |c A* 13716/S |l AAKNAR |s A |a 24 |w stu198058_0016 | ||